书目信息 |
| 题名: |
古代文学理论研究
|
|
| 作者: | ;中国古代文学理论学会 编 | |
| 分册: | 第五辑 | |
| 出版信息: | 上海 上海古籍出版社 1981 |
|
| 页数: | 296页 | |
| 开本: | 20cm | |
| 丛书名: | ||
| 单 册: | ||
| 中图分类: | I206.2 , I0 | |
| 科图分类: | ||
| 主题词: | 文学理论--中国--古代 , 文学评论--中国--古代 , 文学理论 | |
| 电子资源: | ||
| ISBN: | ||
| 000 | 00743nam0 2200253 45 | |
| 001 | 1560047436 | |
| 005 | 20150123164109.96 | |
| 010 | @dCNY0.88 | |
| 091 | @aCN@b10186.295 | |
| 100 | @a19960215d1981 em y0chiy0121 ea | |
| 101 | 0 | @achi |
| 102 | @aCN@b310000 | |
| 105 | @ay z 000zy | |
| 200 | 10 | @a古代文学理论研究@Agu dai wen xue li lun yan jiu@e丛刊@Econg kan@h第五辑@f中国古代文学理论学会编 |
| 210 | @a上海@c上海古籍出版社@d1981 | |
| 215 | @a296页@d20cm | |
| 606 | @a文学理论@y中国@z古代 | |
| 606 | @a文学评论@y中国@z古代 | |
| 606 | 0 | @a文学理论 |
| 690 | @aI206.2@v3 | |
| 690 | @aI0@v4 | |
| 711 | 02 | @a中国古代文学理论学会@Azhong guo gu dai wen xue li lun xue hui@4编 |
| 801 | 0 | @aCN@bTSSF@c20150123 |
| 905 | @aZUCC@dI0@eJY34:5 | |
| 古代文学理论研究:丛刊.第五辑/中国古代文学理论学会编.-上海:上海古籍出版社,1981 |
| 296页;20cm |
| ISBN :CNY0.88 |
| ● |
| 相关链接 |
|
|
|
|
正题名:古代文学理论研究
索取号:I0/JY34:5
 
预约/预借
| 序号 | 登录号 | 条形码 | 馆藏地/架位号 | 状态 | 备注 |
| 1 | 7855729 | 278557296 | 学院路分馆/ [索取号:I0/JY34:5] | 在馆 |